|
|
|
|
| LEADER |
01132nam a2200361 4500 |
| 001 |
DLU080062794 |
| 005 |
##20080805 |
| 008 |
##040819s2006 mauab 001 0 eng |
| 010 |
# |
# |
|a 2004019843
|
| 020 |
# |
# |
|a 007252829X (hard copy : alk. paper)
|
| 040 |
# |
# |
|a DLC
|c DLC
|d DLC
|
| 050 |
# |
# |
|a GE105
|b .E54 2006b
|
| 082 |
# |
# |
|a 363.7
|b EN-E
|
| 100 |
# |
# |
|a Enger, Eldon D.
|
| 245 |
# |
# |
|a Environmental science :
|b a study of interrelationships.
|
| 250 |
# |
# |
|a 10th ed. /
|b Eldon D. Enger, Bradley F. Smith, with contributions by Anne Todd Bockarie.
|
| 260 |
# |
# |
|a Boston :
|b McGraw-Hill,
|c c2006.
|
| 300 |
# |
# |
|a xxv, 476, 9, 2, 16 p. :
|b col. ill., col. maps ;
|c 29 cm.
|
| 500 |
# |
# |
|a Includes index.
|
| 650 |
# |
# |
|a Environmental sciences
|v Textbooks.
|
| 700 |
# |
# |
|a Bockarie, Anne Todd.
|
| 700 |
# |
# |
|a Smith, Bradley F.
|
| 856 |
# |
# |
|3 Table of contents
|u http://www.loc.gov/catdir/toc/ecip0422/2004019843.html
|
| 923 |
# |
# |
|a 10/2008
|
| 992 |
# |
# |
|a 27000
|
| 994 |
# |
# |
|a DLU
|
| 900 |
# |
# |
|a True
|
| 911 |
# |
# |
|a Đào Thị Thu Huyền
|
| 925 |
# |
# |
|a G
|
| 926 |
# |
# |
|a A
|
| 927 |
# |
# |
|a SH
|
| 980 |
# |
# |
|a Thư viện Trường Đại học Đà Lạt
|